Fr. Conceicao Rodrigues College of Engineering

Project Management:Theory and practice (Record no. 25757)

MARC details
000 -LEADER
fixed length control field 00387nam a2200169Ia 4500
082 ## - DEWEY DECIMAL CLASSIFICATION NUMBER
Classification number 658.404
Item number RIC
100 ## - MAIN ENTRY--PERSONAL NAME
Personal name Richardson/Gary L
245 ## - TITLE STATEMENT
Title Project Management:Theory and practice
260 ## - PUBLICATION, DISTRIBUTION, ETC.
Name of publisher, distributor, etc. CRC Press
Date of publication, distribution, etc. 2010
366 ## - TRADE AVAILABILITY INFORMATION
Publishers's discount category 25
300 ## - PHYSICAL DESCRIPTION
Extent 550
546 ## - LANGUAGE NOTE
Language note ENGLISH
-- Info.Tech
650 ## - SUBJECT ADDED ENTRY--TOPICAL TERM
Topical term or geographic name entry element Project Management
654 ## - SUBJECT ADDED ENTRY--FACETED TOPICAL TERMS
Focus term Project management
942 ## - ADDED ENTRY ELEMENTS (KOHA)
Koha item type BOOK
Holdings
Withdrawn status Lost status Damaged status Not for loan Collection Home library Current library Date acquired Source of acquisition Cost, normal purchase price Inventory number Total Checkouts Full call number Barcode Date last seen Cost, replacement price Price effective from Koha item type
        CRC Fr. Agnel's C.Rodrigues College of Engineering Fr. Agnel's C.Rodrigues College of Engineering 17/03/2023 Mehul Book Sales 596.25 M130423 dt 09/06/2014   658.404 RIC 23137 17/03/2023 795.00   BOOK